| 000 | 00797nam a2200205 i 4500 | ||
|---|---|---|---|
| 001 | 27660 | ||
| 003 | ES-MaACL | ||
| 005 | 20230906153657.0 | ||
| 007 | t| | ||
| 008 | 030115s1904 fr ||||1| lat d | ||
| 100 | 1 |
_aAudollent, Auguste. _923861 |
|
| 245 | 1 | 0 | _aDefixionum tabellae : quotquot innotuerunt tam in Graecis Orientis quam in totius Occidentis partibus praeter Atticas in "Corpore Inscriptionum Atticarum" editas / Augustus Audollent. |
| 260 |
_aLuteciae Parisiorum : _bin aedibus A. Fontemoing, _c1904 ( _eAndegavis : _fAugusti Burdin et Sociorum) |
||
| 300 |
_aCXXVIII, 568 p. ; _c25 cm. |
||
| 650 | 4 |
_aInscripciones latinas. _9162641 |
|
| 650 | 4 |
_aInscripciones griegas. _9163295 |
|
| 650 | 0 | 4 |
_aMagia griega. _914732 |
| 650 | 4 |
_aMagia romana. _9163296 |
|
| 852 |
_aES-MaACL _jB-3438 |
||
| 999 |
_c27660 _d27660 |
||